000 00307nam a2200133Ia 4500
005 20260326235456.0
008 260326s9999||||xx |||||||||||||| ||und||
100 _aCasamonti, Marco
245 0 _aJean Nouvel /
_cMarco Casamonti
260 _bMotta
300 _a119 p.
650 _aARQUITECTOS
942 _cBK
999 _c7934
_d7934